000 00320nam a22001457a 4500
003 SGT
082 _a370
_bM14T
100 _aTRIPATHI, MADHUSUDAN
245 _aMAHATMA GANDHI KA SHIKSHA DARSHAN
250 _a2ND
260 _aNEW DELHI
_bOMEGA PUB
_c2014
300 _a214
650 _aEDUCATION
942 _2ddc
_cBK
_03
999 _c11700
_d11700